<?xml version="1.0" encoding="UTF-8"?><?xml-stylesheet type="text/xsl" href="static/style.xsl"?><OAI-PMH xmlns="http://www.openarchives.org/OAI/2.0/" xmlns:xsi="http://www.w3.org/2001/XMLSchema-instance" xsi:schemaLocation="http://www.openarchives.org/OAI/2.0/ http://www.openarchives.org/OAI/2.0/OAI-PMH.xsd"><responseDate>2026-04-18T20:35:05Z</responseDate><request verb="GetRecord" identifier="oai:riubu.ubu.es:10259/11497" metadataPrefix="marc">https://riubu.ubu.es/oai/request</request><GetRecord><record><header><identifier>oai:riubu.ubu.es:10259/11497</identifier><datestamp>2026-04-08T11:34:34Z</datestamp><setSpec>com_10259_3847</setSpec><setSpec>com_10259_5086</setSpec><setSpec>com_10259_2604</setSpec><setSpec>col_10259_8557</setSpec><setSpec>col_10259_5684</setSpec></header><metadata><record xmlns="http://www.loc.gov/MARC21/slim" xmlns:doc="http://www.lyncode.com/xoai" xmlns:xsi="http://www.w3.org/2001/XMLSchema-instance" xmlns:dcterms="http://purl.org/dc/terms/" xsi:schemaLocation="http://www.loc.gov/MARC21/slim http://www.loc.gov/standards/marcxml/schema/MARC21slim.xsd">
<leader>00925njm 22002777a 4500</leader>
<datafield tag="042" ind1=" " ind2=" ">
<subfield code="a">dc</subfield>
</datafield>
<datafield tag="720" ind1=" " ind2=" ">
<subfield code="a">Rodríguez Villagrá, César</subfield>
<subfield code="e">author</subfield>
</datafield>
<datafield tag="720" ind1=" " ind2=" ">
<subfield code="a">Martin Reizabal, Sergio</subfield>
<subfield code="e">author</subfield>
</datafield>
<datafield tag="720" ind1=" " ind2=" ">
<subfield code="a">Ruiz González, Rubén</subfield>
<subfield code="e">author</subfield>
</datafield>
<datafield tag="720" ind1=" " ind2=" ">
<subfield code="a">Basurto Hornillos, Nuño</subfield>
<subfield code="e">author</subfield>
</datafield>
<datafield tag="720" ind1=" " ind2=" ">
<subfield code="a">Herrero Cosío, Álvaro</subfield>
<subfield code="e">author</subfield>
</datafield>
<datafield tag="260" ind1=" " ind2=" ">
<subfield code="c">2026-04-12</subfield>
</datafield>
<datafield tag="520" ind1=" " ind2=" ">
<subfield code="a">This dataset is designed to support the training and evaluation of&#xd;
reinforcement learning models in the context of network traffic&#xd;
analysis. It is derived from an existing IoT network traffic dataset,&#xd;
from which packet capture (pcap) files were selected and processed&#xd;
following a custom methodology explained in [Methodological&#xd;
Information](methodological-information). The resulting data&#xd;
representation is based on a windowing approach, where network traffic&#xd;
is segmented into fixed-size temporal windows.&#xd;
&#xd;
Each window aggregates traffic instances and is labeled according to its&#xd;
composition as benign, attack, or mixed (containing both benign and&#xd;
malicious activity). The final datasets are generated through random&#xd;
combinations of these windows, enabling the creation of diverse traffic&#xd;
patterns that better reflect dynamic and random network conditions.&#xd;
&#xd;
This structure facilitates the use of the dataset in reinforcement&#xd;
learning scenarios, where agents must learn to identify, classify, or&#xd;
respond to varying traffic behaviors over time. Additionally, the&#xd;
evaluation datasets are generated following the same methodology as the&#xd;
training datasets, but are kept separate and are not used during the&#xd;
training process, allowing for an independent evaluation of model&#xd;
performance.</subfield>
</datafield>
<datafield tag="024" ind2=" " ind1="8">
<subfield code="a">https://hdl.handle.net/10259/11497</subfield>
</datafield>
<datafield tag="024" ind2=" " ind1="8">
<subfield code="a">10.71486/pzvm-3z31</subfield>
</datafield>
<datafield ind1=" " ind2=" " tag="653">
<subfield code="a">Internet of things</subfield>
</datafield>
<datafield ind1=" " ind2=" " tag="653">
<subfield code="a">Cybersecurity</subfield>
</datafield>
<datafield ind1=" " ind2=" " tag="653">
<subfield code="a">Attack Traffic</subfield>
</datafield>
<datafield ind1=" " ind2=" " tag="653">
<subfield code="a">Benign traffic</subfield>
</datafield>
<datafield ind1=" " ind2=" " tag="653">
<subfield code="a">Network</subfield>
</datafield>
<datafield ind1=" " ind2=" " tag="653">
<subfield code="a">DDoS</subfield>
</datafield>
<datafield ind1=" " ind2=" " tag="653">
<subfield code="a">DoS</subfield>
</datafield>
<datafield ind1=" " ind2=" " tag="653">
<subfield code="a">Reinforcement learning</subfield>
</datafield>
<datafield tag="245" ind1="0" ind2="0">
<subfield code="a">Labeled IoT Window-Based Random Network Pattern Dataset for Reinforcement Learning</subfield>
</datafield>
</record></metadata></record></GetRecord></OAI-PMH>